Sociální inovace jako základní prvek rozvoje sociálního podniku

V Českej republike je zavádzanie sociálnych inovácií podporené projektami z Európskeho sociálneho fondu, tak ako aj rozvoj sociálnych podnikov. Sociálne podniky sú v dnešnej dobe považované za jeden z typických reprezentantov sociálnych inovácií. Cieľom príspevku bolo overiť hypotézu, či sú sociálne...

Full description

Saved in:
Bibliographic Details
Main Author: Wildmannová, Mirka
Format: Book Chapter
Language:Czech
Subjects:
Tags: Add Tag
No Tags, Be the first to tag this record!

MARC

LEADER 00000naa$a2200000$$$4500
001 0248404
005 20181023111820.8
041 0 |a cze 
044 |a CZ 
245 1 0 |a Sociální inovace jako základní prvek rozvoje sociálního podniku  |c Mirka Wildmannová 
520 |a V Českej republike je zavádzanie sociálnych inovácií podporené projektami z Európskeho sociálneho fondu, tak ako aj rozvoj sociálnych podnikov. Sociálne podniky sú v dnešnej dobe považované za jeden z typických reprezentantov sociálnych inovácií. Cieľom príspevku bolo overiť hypotézu, či sú sociálne podniky inovatívne a zároveň odpovedať na otázku, do akej miery vybrané sociálne podniky využívajú sociálne inovácie. Výskum bol realizovaný na vzorke sociálnych podnikov v Českej republike a na Slovensku. Z dotazníkového prieskumu vyplynulo, že sociálne podniky sú nútené inovovať, aby si udržali konkurencieschopnosť na trhu a zároveň udržali záujem svojich zákazníkov. 
610 2 0 |a podnik sociálny 
610 2 0 |a podnikanie sociálne 
610 2 0 |a inovácia 
610 2 0 |a konkurencieschopnosť 
610 2 0 |a výskum 
610 2 0 |a Česko 
610 2 0 |a Slovensko 
100 1 |a Wildmannová, Mirka